SEMIOTIQUE & BIBLE, N.009-MARZO 1978 (Record n. 188027)

Dettagli MARC
000 -LEADER
fixed length control field 00976nas a2200253Ia 4500
001 - CONTROL NUMBER
control field R704/49371
003 - CONTROL NUMBER IDENTIFIER
control field IT-RoPAU
008 - FIXED-LENGTH DATA ELEMENTS--GENERAL INFORMATION
fixed length control field 151124c99999999xx |||||||||||| ||und||
040 ## - CATALOGING SOURCE
Original cataloging agency IT-RoPAU
040 ## - CATALOGING SOURCE
Transcribing agency IT-RoPAU
041 ## - LANGUAGE CODE
Language code of text/sound track or separate title FRANCESE
100 ## - MAIN ENTRY--PERSONAL NAME
Personal name Genuyt Francois
Miscellaneous information Codice Aut. SPICS: 19811
210 ## - ABBREVIATED TITLE
Abbreviated title SEMIOTIQUE ET BIBLE
222 ## - KEY TITLE
Key title Semiotique Et Bible
245 ## - TITLE STATEMENT
Title SEMIOTIQUE & BIBLE, N.009-MARZO 1978
Remainder of title Porche Du Royaume (Le)
250 ## - EDITION STATEMENT
Edition statement 1a ed.
260 ## - PUBLICATION, DISTRIBUTION, ETC. (IMPRINT)
Place of publication, distribution, etc. LYON
Name of publisher, distributor, etc. CADIR
Date of publication, distribution, etc. 1978
300 ## - PHYSICAL DESCRIPTION
Extent 25 p. [11-35]
362 ## - DATES OF PUBLICATION AND/OR SEQUENTIAL DESIGNATION
Dates of publication and/or sequential designation N.009-MARZO 1978
501 ## - WITH NOTE
-- Paulus - SPICS - Società San Paolo EM (non-commercial uses only)
-- Copyright2015
500 ## - GENERAL NOTE
General note Atrio del Regno: Studio del Capitolo 16 del Vangelo di San Luca. Discorso di Riferimento. Applicazione Ai Discepoli. Parabola dell'Amministratore Infedele. Disputa tra Gesù e i Giudei. Parabola del Ricco Epulone e di Lazzaro.
650 ## - SUBJECT ADDED ENTRY--TOPICAL TERM
Topical term or geographic name as entry element SEMIOTICA - BIBBIA
Form subdivision PUBBLICAZIONE PERIODICA
942 ## - ADDED ENTRY ELEMENTS (KOHA)
Koha item type RIVISTA
Dati di copia
Withdrawn status Lost status Damaged status Not for loan Home library Current library Date acquired Total Checkouts Full call number Date last seen Price effective from Koha item type Public note
    Buone Condizioni Not For Loan SPICS-MEDIATECA SPICS-MEDIATECA 25/11/2015   R704/49371 25/11/2015 25/11/2015 RIVISTA Progr. Ins: 91668 / Copia rara: NO / date import: 25.11.2015 / By Epidotti, Trombetti, Vaglietti
CREDITS: SOCIETA' SAN PAOLO Via A.Severo, 58 - ROMA (RM) & PERIODICI SAN PAOLO SRL Via Giotto, 36 MILANO & CISF Via Giotto, 36 MILANO & EDIZIONI SAN PAOLO SRL,  Piazza Soncino, 5 CINISELLO BALSAMO (MI) -- ITALY